Подробности
| 000 -МАРКЕР |
| контрольное поле |
02221nam2a22003131 4500 |
| 001 - ИДЕНТИФИКАТОР ЗАПИСИ |
| контрольное поле |
v19\rc\1606725 |
| 005 - ИДЕНТИФИКАТОР ВЕРСИИ |
| контрольное поле |
20260406143408.0 |
| 035 ## - ДРУГИЕ СИСТЕМНЫЕ НОМЕРА |
| Идентификатор записи |
(NLR Aleph) 005238697 |
| 100 ## - ДАННЫЕ ОБЩЕЙ ОБРАБОТКИ |
| Данные общей обработки |
20061002d1896 |||y0rusy50 ca |
| 101 0# - ЯЗЫК РЕСУРСА |
| Язык текста, звукозаписи и т.д. |
русский |
| 102 ## - СТРАНА ПУБЛИКАЦИИ ИЛИ ПРОИЗВОДСТВА |
| Страна публикации |
Российская Федерация |
| 105 ## - ПОЛЕ КОДИРОВАННЫХ ДАННЫХ: ТЕКСТОВЫЕ МАТЕРИАЛЫ, МОНОГРАФИЧЕСКИЕ |
| Кодированные данные о монографическом текстовом документе |
y z ||||| |
| 200 1# - ЗАГЛАВИЕ И СВЕДЕНИЯ ОБ ОТВЕТСТВЕННОСТИ |
| Основное заглавие |
Западный или Люблинский район |
| Сведения, относящиеся к заглавию |
(между реками Вислою и Западным Бугом от австрийской границы до линии Ивангород - Луков, Брест-Литовск) |
| Первые сведения об ответственности |
составил Ген. штаба подполк. Гр. Янушевский |
| Последующие сведения об ответственности |
под руководством нач. Штаба Варшавск. воен. округа ген.-лейт. Пузыревского |
| 210 ## - ПУБЛИКАЦИЯ, РАСПРОСТРАНЕНИЕ И ДР. |
| Дата издания, распространения и т.д. |
1896 |
| Место издания, распространения и т.д. |
Б. м. |
| 215 ## - ФИЗИЧЕСКАЯ ХАРАКТЕРИСТИКА |
| Специфическое обозначение материала и объем |
[4], XII, 629, [176] с. |
| 316 ## - ПРИМЕЧАНИЯ ОБ ОСОБЕННОСТЯХ ЭКЗЕМПЛЯРА |
| Текст примечания |
Экз. РНБ на шифре 32-19/904 с экслибрисом Библиотеки Николая II: монограмма "Н. А." |
| Организация и экземпляр, к которому относится поле |
NLR:32-19/904 |
| 461 #0 - УРОВЕНЬ НАБОРА |
| Встроенное поле |
001v19\rc\1606724 |
| -- |
2001#$aЮжный фронт Варшавского военного округа$fсоставил Ген. штаба подполк. Гр. Янушевский$v1 |
| Системный номер (АБИС) связанной записи |
5681527 |
| Автор |
Янушевский, Г. Е. (1861-1928) |
| Место публикации |
Варшава |
| Дата публикации |
1896 |
| Первые сведения об ответственности |
составил Ген. штаба подполк. Гр. Янушевский |
| Имя издателя, распространителя и т.д. |
типография Окружного штаба |
| Заглавие |
Южный фронт Варшавского военного округа |
| Номер тома |
1 |
| 517 0# - ДРУГИЕ ВАРИАНТЫ ЗАГЛАВИЯ |
| Вариант заглавия |
Между реками Вислою и Западным Бугом от австрийской границы до линии Ивангород - Луков, Брест-Литовск |
| 620 ## - МЕСТО И ДАТА ПУБЛИКАЦИИ, ИСПОЛНЕНИЯ И Т. Д. |
| Страна |
PL |
| 702 #0 - ИМЯ ЛИЦА - ВТОРИЧНАЯ ОТВЕТСТВЕННОСТЬ |
| Код отношения |
Бывший владелец |
| Материалы, к которым относится поле |
rus |
| Графика поля |
Кириллица |
| Начальный элемент ввода |
Николай |
| Дополнения к именам, кроме дат |
император российский |
| Римские цифры |
II |
| Даты |
1868-1918 |
| Идентификатор авторитетной/нормативной записи |
RU\NLR\AUTH\773750 |
| Системный номер авторитетной/нормативной записи |
113742 |
| 702 #1 - ИМЯ ЛИЦА - ВТОРИЧНАЯ ОТВЕТСТВЕННОСТЬ |
| Код отношения |
Составитель |
| Материалы, к которым относится поле |
rus |
| Графика поля |
Кириллица |
| Начальный элемент ввода |
Пузыревский |
| Часть имени, кроме начального элемента ввода |
А. К. |
| Даты |
1845-1904 |
| Расширение инициалов личного имени |
Александр Казимирович |
| Идентификатор авторитетной/нормативной записи |
RU\NLR\AUTH\7788771 |
| Системный номер авторитетной/нормативной записи |
71699 |
| 801 #0 - ИСТОЧНИК ЗАПИСИ |
| Страна |
Российская Федерация |
| Организация |
NLR |
| Дата составления |
20061002 |
| Правила каталогизации |
psbo |
| 801 #0 - ИСТОЧНИК ЗАПИСИ |
| Страна |
Российская Федерация |
| Организация |
RuMoRGB |
| Дата составления |
20061002 |
| Источник данных |
psbo |
| 801 #1 - ИСТОЧНИК ЗАПИСИ |
| Страна |
Российская Федерация |
| Организация |
ProSoft-M |
| Дата составления |
20061002 |
| Источник данных |
rusmarc |
| 801 #2 - ИСТОЧНИК ЗАПИСИ |
| Страна |
Российская Федерация |
| Организация |
NLR |
| Дата составления |
20100602 |
| Источник данных |
rusmarc |
| 852 ## - МЕСТОНАХОЖДЕНИЕ И ШИФР ХРАНЕНИЯ |
| Идентификатор организации |
NLR |
| Шифр хранения (Call Number) |
32-19/904 |
| 942 ## - ДОПОЛНИТЕЛЬНЫЕ ЭЛЕМЕНТЫ ЗАПИСИ (АБИС) |
| Тип экземпляра АБИС |
Книга |
| 980 ## - КОЛЛЕКЦИЯ |
| Название коллекции |
Национальная библиография |